| 000 | 01048nam a2200289 i 4500 | ||
|---|---|---|---|
| 001 | 88975 | ||
| 003 | ES-MaACL | ||
| 005 | 20250817062552.0 | ||
| 007 | t| | ||
| 008 | 050120s2004 sp ||||1| spa d | ||
| 020 | _a84-7075-521-8 | ||
| 020 | _a84-89935-48-3 | ||
| 080 | _a73.035(44)(083.824) | ||
| 080 | _a75.035(44)(083.824) | ||
| 110 | 2 |
_aMusée du Petit Palais (Paris) _9140919 |
|
| 245 | 1 | 0 |
_aFiguras de la Francia moderna : _bde Ingres a Toulouse-Lautrec del Petit Palais de París : [exposición] 1 octubre 2004-16 enero 2005, Fundación Juan March. |
| 260 |
_a[Madrid] : _bFundación Juan March : _bEditorial de Arte y Ciencia, _c[2004] |
||
| 300 |
_a183 p. : _bil col. y n. ; _c29 cm. |
||
| 546 | _aTexto en español y francés. | ||
| 650 | 4 |
_aEscultura francesa- _vExposiciones _912440 |
|
| 650 | 4 |
_aPintura francesa- _yS.XIX- _vExposiciones. _916049 |
|
| 655 | 7 |
_2tgfbne _9193628 _aCatálogos de exposiciones |
|
| 710 | 2 |
_aFundación Juan March _94346 |
|
| 852 |
_aES-MaACL _jL-28592 |
||
| 942 | _2udc | ||
| 999 |
_c88975 _d88975 |
||